000 00486nam a2200169Ia 4500
008 240729s9999 xx 000 0 und d
022 _a1741-2811
245 0 _aHealth Informatics Journal
260 _aUnited Kingdom
260 _bSAGE Publishing
650 _a Computer applications to medicine. Medical informatics
650 _a Medicine (General)
650 _aMedicine
856 _uhttps://doaj.org/toc/0b7100f2377f4f11ba24013127384c5c
942 _2ddc
942 _cDOAJEJ
999 _c67696
_d67696
945 _a1
_bMadushi Gamage
_c1
_dMadushi Gamage